000 00522nam a2200193Ia 4500
003 GCL
008 140319s9999 xx 000 0 ara d
040 _aGCL /
_cGCL
082 0 4 _a418.1
_bت ل
100 1 _aتمام حسان
245 1 0 _aاللغة العربية معناها و ميناها /
_cتمام حسان
300 _a373 ص
490 _a
650 0 4 _aالاصوات اللغوية
650 0 4 _aاللغة العربية
650 0 4 _aالكلام
650 0 4 _aالصوتيات
942 _2ddc
_cBK
999 _c40886
_d40886